100 Tips to score high marks with holistic development/ (Record no. 192483)

MARC details
000 -LEADER
fixed length control field 00568nam a22001817a 4500
005 - DATE AND TIME OF LATEST TRANSACTION
control field 20220923113558.0
010 ## - LCCN (DPL NO)
LC control number ENG-135000
020 ## - INTERNATIONAL STANDARD BOOK NUMBER
Terms of availability 120.00
035 ## - SYSTEM CONTROL NUMBER
System control number EN-118532
037 ## - SOURCE OF ACQUISITION
Source of stock number/acquisition DBAD/PUB
082 ## - DEWEY DECIMAL CLASSIFICATION NUMBER
Classification number 155
100 ## - MAIN ENTRY--PERSONAL NAME
Personal name Raju,C.S.
245 ## - TITLE STATEMENT
Title 100 Tips to score high marks with holistic development/
Statement of responsibility, etc by C.S.Raju
260 ## - PUBLICATION, DISTRIBUTION, ETC. (IMPRINT)
Place of publication, distribution, etc Chennai
Name of publisher, distributor, etc Sri Sai Publishers
Date of publication, distribution, etc 2013
270 ## - ADDRESS
Address Plot-116 Rajagopalan Street Devi Karumari Amman Nagar Valasaravakkam,
City Chennai
Postal code 600026
300 ## - PHYSICAL DESCRIPTION
Extent 160p.:
Other physical details illus.
Dimensions 22cm(pbk)
942 ## - ADDED ENTRY ELEMENTS (KOHA)
Source of classification or shelving scheme Dewey Decimal Classification
Item type English Books
Classification part 155
Call number suffix RAJ
Holdings
Withdrawn status Lost status Not for loan Collection code Home library Current library Date acquired Source of acquisition Cost, normal purchase price Full call number Barcode Copy number Cost, replacement price Koha item type
      Non-fiction Bawana Bawana 23/09/2022 DBAD/PUB 120.00 155 RAJ EN-118532 1 120.00 English Books

© Delhi Public Library
Hit Counter
free hit counter